| 000 | 00571nam a2200205Ia 4500 | ||
|---|---|---|---|
| 005 | 20260429112206.0 | ||
| 008 | 260429s9999||||xx |||||||||||||| ||und|| | ||
| 020 | _a9789356812772 | ||
| 041 | _aEnglish | ||
| 082 |
_a320.954 _bRED |
||
| 100 | _aReddy, Neeharika | ||
| 245 | 0 |
_aEssentials of Indian polity : _bconstitution and governance / _cNeeharika Reddy |
|
| 250 | _a1st ed. | ||
| 260 |
_aHaryana : _bG K Publications (P) Ltd, _c2023. |
||
| 300 | _ap.; pbk | ||
| 650 | _a Constitution-India | ||
| 650 | _a Governance | ||
| 650 | _aIndian polity | ||
| 942 | _cTB | ||
| 999 |
_c52817 _d52817 |
||